| 000 | 01431nam0a2200313 4500 | ||
|---|---|---|---|
| 001 | RU\NLR\bibl\1871238 | ||
| 005 | 20250616190502.0 | ||
| 021 |
_aRU _b2012-6394 _9465 |
||
| 035 | _a(NLR Aleph) 001861079 | ||
| 090 |
_a2532290 _c2532290 |
||
| 100 | _a20120217d2011 |||y0rusy50 ca | ||
| 101 | 0 |
_arus _aeng |
|
| 102 | _aRU | ||
| 105 | _aa ||||||||| | ||
| 200 | 1 |
_aLaw of contracts _eучебное пособие для студентов 3 курса д/о МПФ (начинающий поток) _fК.В. Стрекалова, И.И. Ливанова _gВсерос. акад. внешней торговли, Минэкономразвития России, Каф. англ. яз. Международно-правового фак. |
|
| 210 |
_aМосква _cВАВТ _d2011 |
||
| 215 |
_a91, [1] с. _cсхем. _d29 |
||
| 320 | _aБиблиогр.: с. 92 (7 назв.) | ||
| 606 | 1 |
_aАнглийский язык _xУчебные издания для юристов _92396289 _3RU\NLR\auth\661428701 |
|
| 686 | _aШ143.21-93рус329.4 | ||
| 700 | 1 |
_4070 _aСтрекалова _bК. В. _cканд. пед. наук _gКсения Валерьевна _9225164 _3RU\NLR\AUTH\770225220 |
|
| 701 | 1 |
_aЛиванова _bИ. И. _gИрина Ильинична _4070 |
|
| 801 | 0 |
_aRU _bNLR _c20120217 _gRCR |
|
| 801 | 1 |
_aRU _bNLR _c20120217 |
|
| 942 | _cBOOK | ||
| 980 | _aNB | ||
| 980 | _aNBR | ||